00803nam a22002177a 450000500170000001000150001702000260003203500140005803700090007208200150008110000250009624500460012125000060016726000540017327000880022730000200031570000360033594200260037199900190039795201690041620250212110424.0 aENG-143734 c599.00a9878119798377 aEN-127266 bDBAD a372.62321 aMenon, Ramesh977508 aArt of Creative Writing/cby Ramesh Menon a1 aNew Delhi bHar-Anand Publications Pvt Ltd c2024 bNew Delhi e110020aE-49/3, Okhla Industrial Area, Phase IIminfo@haranandbooks.com a216p.c21cm(pb) aRamesh MenoneTranslator977463 2ddccENmMENh372.623 c208974d208974 001040708NFICaLbLd2025-02-12eDelivery of Books Act Divisiong599.00l1m2oMEN 372.623pEN-127266r2025-12-10 00:00:00s2025-11-01t1v599.00w2025-02-12yEN